00000000nam##2200000za#4500
0019.664725
003CaOODSP
00520240527135428
007ta
008150407|2003||||xxc|||||     f|0| 0 eng|d
020 |a0-662-67439-1
040 |aCaOODSP|beng
041 |aeng
041 |afre
043 |an-cn---
0861 |aCW66-225/2003
1102 |aCanadian Wildlife Service.
24510|aSpecies at Risk Act : |ba guide
260 |aOttawa - Ontario : |bEnvironment Canada. |c2003.
300 |aEnglish text, v, 17p. : |bphotographs ; |c28 cm.
5203 |aThis guide to the Species at Risk Act explains the need for the Act, the Act’s focus on consultation and stewardship, and which federal ministers have responsibilities under the Act. It also sets out the process for protecting a species at risk; actions taken to protect such species and their habitats; penalties for violating the Act; how the public can access more information; and what action people with concerns about a species at risk could take.
563 |aSoftcover
590 |a03-46|b2003-11-14
69007|aEndangered species|2gcpds
69007|aLegislation|2gcpds
7760#|tLoi sur les espèces en péril : |w(CaOODSP)9.640167
7760#|tSpecies at Risk Act : |w(CaOODSP)9.696050
792 |tLoi sur les espèces en péril : |efre|w(CaOODSP)9.664726